Europe quarterly (Record no. 107730)
[ view plain ]
| 000 -LEADER | |
|---|---|
| fixed length control field | 01310cai a22002295a 4500 |
| 001 - CONTROL NUMBER | |
| control field | L141662 |
| 008 - FIXED-LENGTH DATA ELEMENTS--GENERAL INFORMATION | |
| fixed length control field | 071211s2007 xxkad f s 000 0 eng d |
| 035 ## - SYSTEM CONTROL NUMBER | |
| System control number | (Sirsi) u141662 |
| 041 0# - LANGUAGE CODE | |
| Language code of text/sound track or separate title | eng |
| 050 04 - LIBRARY OF CONGRESS CALL NUMBER | |
| Classification number | 333.33 $2 18 |
| 110 2# - MAIN ENTRY--CORPORATE NAME | |
| Corporate name or jurisdiction name as entry element | Atisreal |
| 9 (RLIN) | 5337 |
| 245 00 - TITLE STATEMENT | |
| Title | Europe quarterly |
| Remainder of title | office market quarter two |
| Medium | [electronic resource] |
| 260 ## - PUBLICATION, DISTRIBUTION, ETC. | |
| Place of publication, distribution, etc. | [s.l] |
| Name of publisher, distributor, etc. | Atisreal |
| Date of publication, distribution, etc. | 2007 |
| 490 #0 - SERIES STATEMENT | |
| Series statement | Atisreal Europe Quarterly Investment Market |
| Volume/sequential designation | Quarter Three 2007 |
| 520 ## - SUMMARY, ETC. | |
| Summary, etc. | Reports that the volume of trading in the European investment market has doubled in two years from in €36bn 2005 to €70bn in 2007. The busiest markets are German cities, Brussels, London and Paris respectively. Initial office yields are beginning to rise. Prime yields in the City of London rose 4.00% to 4.20% in the quarter and City of London. The French market is notable. In Paris and the main cities, the initial yield did not change in the third quarter. Expects a correction in line with the rest of Europe in the last quarter. |
| 590 ## - LOCAL NOTE (RLIN) | |
| Local note | ka |
| 650 24 - SUBJECT ADDED ENTRY--TOPICAL TERM | |
| Topical term or geographic name entry element | ATISREAL EUROPE QUARTERLY INVESTMENT MARKET |
| 651 #4 - SUBJECT ADDED ENTRY--GEOGRAPHIC NAME | |
| Geographic name | Europe |
| 690 ## - LOCAL SUBJECT ADDED ENTRY--TOPICAL TERM (OCLC, RLIN) | |
| Topical term or geographic name as entry element | PROPERTY-COMMERCIAL PROPERTY-COMMERCIAL PROPERTY MARKET |
| 856 48 - ELECTRONIC LOCATION AND ACCESS | |
| Uniform Resource Identifier | <a href="https://www.atisreal.com/">https://www.atisreal.com/</a> |
| Public note | View this report free of charge under market research at www.atisreal.com... |
| 942 ## - ADDED ENTRY ELEMENTS (KOHA) | |
| Suppress in OPAC | 0 |
No items available.